Statistiques concernant Armes apex

Cliquez ici pour prendre le quiz!

Statistiques générales

  • Ce quiz a été pris 793 fois
  • Le résultat moyen est 10 sur 15

Statistiques - réponses

HintRéponse% Correct
Fusil d'assautR-301
89%
Fusil d'assaut énérgétiqueHavoc
79%
Pistolet LégerP2020
77%
S.M.G énérgétiqueVolt
76%
SniperSentinel
74%
SniperKraber
73%
Pistolet LourdWingman
73%
SniperLongbow
71%
Fusil à pompeMozambique
69%
Fusil à pompeEva-8
67%
L.M.G énérgétiqueL-Star
58%
L.M.GSpitfire
58%
S.M.G LégerAlternator
52%
S.M.G LourdProwler
37%
Marksman Lourd30-30
29%

Distribution des résultats

Percentile par nombre de réponses

% des personnes avec chaque résultat

Votre développement - résultats

Vous n’avez pas pris ce quiz